| 000 | 00586cam a22002053a 4500 | ||
|---|---|---|---|
| 001 | 35005 | ||
| 003 | PGUSA | ||
| 005 | 20140828083744.0 | ||
| 008 | 110119s2011||||xxu|||||s|||||000 | eng d | ||
| 040 |
_aPGUSA _beng |
||
| 042 | _adc | ||
| 100 | 1 |
_aRobida, Albert, _d1848-1926 |
|
| 245 | 1 | 0 |
_aLes assiégés de Compiègne : _b1430 _h[electronic resource] / _cAlbert Robida |
| 260 |
_bProject Gutenberg, _c2011 |
||
| 506 | _aPublic domain in the USA. | ||
| 516 | _aElectronic text | ||
| 830 | 0 |
_aProject Gutenberg _v35005 |
|
| 856 | 4 | 0 | _uhttp://www.gutenberg.org/ebooks/35005 |
| 942 | _cEB | ||
| 999 |
_c264260 _d264260 |
||